000 00337nam a2200133Ia 4500
008 191201s2007 xx 000 0 und d
082 _a332.6
_bFIS
100 _aFISCHER, Donald E
245 0 _aSecurity Analysis and Portfolio Management
260 _aN.Delhi
_bPearson Education
_c2007
300 _a-
650 _aMBA
942 _2ddc
_cBK
999 _c2974
_d2974